Target plus-plus formula bestari UPSR : English grammar

Bibliographic Details
Main Author: Tan Boon Kim
Format: Book
Published: Petaling Jaya : Sasbadi Sdn. Bhd. , 2000
Subjects:

MARC

LEADER 00000cam a2200000 7i4500
001 0000040291
005 20001016.0
020 |a 9835906459 
090 0 0 |a 421   |b TAN 
100 0 |a Tan Boon Kim 
245 1 0 |a Target plus-plus formula bestari UPSR :   |b English grammar   |c Tan Boon Kim 
260 |a Petaling Jaya :   |b Sasbadi Sdn. Bhd. ,   |c 2000 
300 |a 134p. ;   |c 20cm. 
650 0 0 |a English grammar   |x UPSR 
999 |a 091623   |b BUKU   |c RUJUKAN   |e PERPUSTAKAAN KOMUNITI PETALING JAYA